000 00497nam a2200181 i 4500
001 40365
003 ES-MaACL
005 20230906160214.0
007 t|
008 030306s1971 sp ||||1| cat d
100 1 _aCarner, Josep.
_935366
245 1 0 _aNabi /
_cJosep Carner ; práoleg de Gabriel Ferrater.
250 _a[1ª ed.].
260 _aBarcelona :
_bEdicions 62,
_c[1971]
300 _a73 p. ;
_c18 cm.
700 1 _aFerrater, Gabriel.
_950337
852 _aES-MaACL
_jC-42056
_bR.77472
999 _c40365
_d40365